ACI 83 : first IASTED International Symposium on Applied Control and Identification, Copenhagen, Denmark, June 28-July 1, 1983 /

Guardado en:
Autores Corporativos: IASTED International Symposium on Applied Control and Identification Copenhagen, Denmark), International Association of Science and Technology for Development., Danish Automation Society.
Formato: Libro
Idioma:English
Publicado: [Lyngby, Denmark?] : published for IASTED by Control Engineering Institute, Technical University of Denmark, c1983.
Materias:
Etiquetas: Agregar Etiqueta
Sin Etiquetas, Sea el primero en etiquetar este registro!
LEADER 01408nam a22002655a 4500
001 EIQ.libpla001392
008 060920s1983####dk#a#####b####100#0#eng#d
005 20060921144249.0
245 1 0 |a ACI 83 :  |b first IASTED International Symposium on Applied Control and Identification, Copenhagen, Denmark, June 28-July 1, 1983 /  |c sponsored and organized by the International Association of Science and Technology for Development (IASTED), supported by the Danish Automation Society. 
260 |a [Lyngby, Denmark?] :  |b published for IASTED by Control Engineering Institute, Technical University of Denmark,  |c c1983. 
300 |a 2 v. :  |b il. ;  |c 23 cm. 
504 |a Incluye referencias bibliográficas. 
020 |a 0889860459 (v.1) 
020 |a 0889860467 (v.2) 
111 2 |a IASTED International Symposium on Applied Control and Identification  |n (1st :  |d 1983 :  |c Copenhagen, Denmark) 
710 2 |a International Association of Science and Technology for Development. 
710 2 |a Danish Automation Society. 
740 0 |a Applied control and identification. 
650 4 |a Teoría del control  |x Congresos. 
650 4 |a Control automático  |x Congresos. 
650 4 |a Control theory  |x Congresses. 
650 4 |a Automatic control  |x Congresses. 
040 |a AR-BbSID  |b spa  |c AR-BbSID 
859 |a AR-BbSID  |b BIB. PLAPIQUI  |h 629.8  |i Ia 1  |p 4539  |v Vol. 1  |3 Vol. 1 
859 |a AR-BbSID  |b BIB. PLAPIQUI  |h 629.8  |i Ia 1  |p 4540  |v Vol. 2  |3 Vol. 2